Chicago Bears All Time Leaders - Statistics

General Stats
  • This quiz has been taken 94 times
  • The average score is 6 of 8
Answer Stats
Stat Num Answer Years % Correct
RushingYards 16,726 Walter Payton 1975-87
100%
PassingYards 23,443 Jay Cutler 2009-16
95%
Solo Tackles 1,046 Brian Urlacher 2000-12
86%
Field GoalsMade 276 Robbie Gould 2005-15
71%
Total Points 1,207 Robbie Gould 2005-15
71%
Sacks 124.5 Richard Dent 1983-95
69%
Interceptions 38 Gary Fencik 1976-87
31%
ReceivingYards 5,059 Johnny Morris 1958-67
31%
No matching quizzes found
Score Distribution
Percent of People with Each Score
Percentile by Number Answered
Your Score History
You have not taken this quiz